000 01455 a2200229 4500
001 13659
005 20260407155443.0
008 260407a1997 arg spa d
003 AR-UNSa-BCEJYS
040 _aAR-UNSa-BCEJYS
_bspa
_cAR-UNSa-BCEJYS
080 _a342.9
_xDerecho Administrativo
245 1 0 _aDerecho administrativo
020 _a987-507-008-4
250 _a6a. ed.
264 1 _aBuenos Aires :
_bCiudad Argentina
_c1997
300 _a1165 p.
_c24 cm.
505 _a1. Constitución y estado - 2. Individuo y estado - 3. Derecho y estado - 4. Derecho administrativo - 5. Hecho administrativo - 6. Acto Administrativo - 7. Reglamento administrativo - 8. Simple acto de la administración - 9. Contrato administrativo: Principios - 10. Contrato administrativo: clases - 11. Situación y regulación administrativas - 12. Organización administrativa - 13. Administración e integración comunitaria - 14. Servicio público - 15. Dominio público - 16. Policía y poder de policía - 17. Limitaciones administrativas a la propiedad - 18. Intervención administrativa en la economía - 19. Fiscalización administrativa - 20. Responsabilidad estatal - 21. Procedimiento administrativo - 22. Proceso administrativo
942 _cBK
590 _aniveau_biblio:m niveau_hierar:0
100 1 _aDromi, José Roberto
856 4 1 _uhttps://biblioeco.unsa.edu.ar/pmb/images/libros/Derecho Administrativo2-l87066.jpg
_yImagen de portada
_qimage/jpeg
999 _c538
_d538